Макаренковские педагогические чтения. Вып. 12: Образовательная среда как основа развития индивидуальности обучающихся и их социализациии (Запись № 10013497)

Подробности
000 -МАРКЕР
контрольное поле 02990nam2a2200337 i 4500
001 - ИДЕНТИФИКАТОР ЗАПИСИ
контрольное поле RU\NLR\BIBL_A\010768976
005 - ИДЕНТИФИКАТОР ВЕРСИИ
контрольное поле 20260408121740.0
010 ## - МЕЖДУНАРОДНЫЙ СТАНДАРТНЫЙ НОМЕР КНИГИ (ISBN)
Номер (ISBN) 9785916587760
021 ## - НОМЕР ГОСУДАРСТВЕННОЙ РЕГИСТРАЦИИ
Код страны Российская Федерация
Номер 2015-29410
Номер Листа государственной регистраци 1740
035 ## - ДРУГИЕ СИСТЕМНЫЕ НОМЕРА
Идентификатор записи (NLR Aleph) 010768976
100 ## - ДАННЫЕ ОБЩЕЙ ОБРАБОТКИ
Данные общей обработки 20150528d2015 k y0rusy50 ca
101 0# - ЯЗЫК РЕСУРСА
Язык текста, звукозаписи и т.д. русский
102 ## - СТРАНА ПУБЛИКАЦИИ ИЛИ ПРОИЗВОДСТВА
Страна публикации Российская Федерация
105 ## - ПОЛЕ КОДИРОВАННЫХ ДАННЫХ: ТЕКСТОВЫЕ МАТЕРИАЛЫ, МОНОГРАФИЧЕСКИЕ
Кодированные данные о монографическом текстовом документе c z 100yy
200 1# - ЗАГЛАВИЕ И СВЕДЕНИЯ ОБ ОТВЕТСТВЕННОСТИ
Основное заглавие Образовательная среда как основа развития индивидуальности обучающихся и их социализациии
Сведения, относящиеся к заглавию материалы Международной научно-практической конференции, г. Волгоград, 26 марта 2015 г.
210 ## - ПУБЛИКАЦИЯ, РАСПРОСТРАНЕНИЕ И ДР.
Место издания, распространения и т.д. Москва
Имя издателя, распространителя и т. д. Планета
Дата издания, распространения и т.д. 2015
215 ## - ФИЗИЧЕСКАЯ ХАРАКТЕРИСТИКА
Специфическое обозначение материала и объем 303 с.
Другие сведения о физической характеристике портр.
300 ## - ОБЩИЕ ПРИМЕЧАНИЯ
Текст примечания В надзаг.: М-во образования и науки Рос. Федерации, Ком. образования и науки Волгогр. обл., ФГБОУ ВПО "Волгогр. гос. социально-пед. ун-т", Муницип. общеобразоват. учреждение Лицей № 5 им. Ю.А. Гагарина Центр. р-на г. Волгограда
300 ## - ОБЩИЕ ПРИМЕЧАНИЯ
Текст примечания На авантит.: 70-летию Победы в Великой Отечественной войне посвящается
320 ## - ПРИМЕЧАНИЯ О НАЛИЧИИ В ДОКУМЕНТЕ БИБЛИОГРАФИИ / УКАЗАТЕЛЯ
Текст примечания Библиогр. в конце ст.
461 #0 - УРОВЕНЬ НАБОРА
Встроенное поле 001RU\NLR\bibl\916435
-- 2001#$aМакаренковские педагогические чтения$vВып. 12
Системный номер (АБИС) связанной записи 12841
Автор Макаренковские педагогические чтения (Волгоград)
Место публикации Волгоград
Дата публикации 2005
Имя издателя, распространителя и т.д. Изд-во Волгоградского государственного института повышения квалификации и переподготовки работников образования
Заглавие Макаренковские педагогические чтения
Номер тома Вып. 12
606 ## - НАИМЕНОВАНИЕ ТЕМЫ КАК ПРЕДМЕТ
Наименование темы Образовательные учреждения
Формальный подзаголовок Съезды, совещания и т.п
Тематический подзаголовок Преподавание
-- Личностный подход
Системный номер авторитетной/нормативной записи 2120652
Идентификатор авторитетной/нормативной записи RU\NLR\AUTH\661584252
686 1# - ИНДЕКСЫ ДРУГИХ КЛАССИФИКАЦИЙ
Индекс Ч312я431
711 12 - НАИМЕНОВАНИЕ ОРГАНИЗАЦИИ - АЛЬТЕРНАТИВНАЯ ОТВЕТСТВЕННОСТЬ
Начальный элемент ввода Макаренковские педагогические чтения
Порядковый номер временной организации и / или порядковый номер ее части 12
Место проведения временной организации Волгоград
Дата проведения временной организации 2015
Системный номер авторитетной/нормативной записи 470244
Идентификатор авторитетной/нормативной записи RU\NLR\AUTH\880401646
711 12 - НАИМЕНОВАНИЕ ОРГАНИЗАЦИИ - АЛЬТЕРНАТИВНАЯ ОТВЕТСТВЕННОСТЬ
Начальный элемент ввода "Образовательная среда как основа развития индивидуальности обучающихся и их социализациии", международная научно-практическая конференция
Место проведения временной организации Волгоград
Дата проведения временной организации 2015
Системный номер авторитетной/нормативной записи 470278
Идентификатор авторитетной/нормативной записи RU\NLR\AUTH\880401662
942 ## - ДОПОЛНИТЕЛЬНЫЕ ЭЛЕМЕНТЫ ЗАПИСИ (АБИС)
Тип экземпляра АБИС Книга
980 ## - КОЛЛЕКЦИЯ
Название коллекции НБР

Нет доступных экземпляров.